000 00813nam a22002177a 4500
999 _c11198
_d11198
003 AR-CdUCM
008 190403b ||||| |||| 00| 0 spa d
040 _aMUNICIPALIDAD PROVINCIAL DEL CUSCO
_cBIBLIOTECA MUNICIPAL DEL CUSCO
082 _a984 /
_bA69 / 1920
100 _aArguedas, Alcides
_91887
245 _aHistoria de Bolivia :
_bLa fundación de la república /
260 _aMadrid :
_bAmérica,
_c1920.
300 _a386 páginas ;
_c22 cm.
440 _aBiblioteca Ayacucho
_928434
505 _aContenido : Dedicatoria -- Consternación que causa en Chuquisaca el cautiverio de Fernando VII -- Causas de descontento en La Paz -- El gobernador Nieto entra a Potosi ...
650 _aHistoria
_9246
650 _aPotosi
_928435
650 _aBolivia
_91138
942 _2ddc
_cLIBROS
945 _arah